Normal view
MARC view
- الادارة العامة-ادارة الاعمال
Entry Topical Term
001 - CONTROL NUMBER
- control field: 31793
003 - CONTROL NUMBER IDENTIFIER
- control field: JO-AjAnu
005 - DATE AND TIME OF LATEST TRANSACTION
- control field: 20230606075341.0
008 - FIXED-LENGTH DATA ELEMENTS
- fixed length control field: 230606|| aca||aabn | a|a d
040 ## - CATALOGING SOURCE
- Original cataloging agency: JO-AjAnu
- Transcribing agency: JO-AjAnu
150 ## - HEADING--TOPICAL TERM
- Topical term or geographic name entry element: الادارة العامة-ادارة الاعمال
670 ## - SOURCE DATA FOUND
- Source citation: Work cat.: (JO-AjAnu)16324: عريقات،احمد يوسف/توفيق صالح عبدالهادي/حسين احمد الطراونة/عبدالمعطي سليمان ابو الرب, author 31792, المفاهيم الادارية الاساسية النظرية والتطبيق